00332nam a2200109Ia 4500008004100000245010300041260003500144260000900179300001000188500000800198650001600206170224s9999 xx 000 0 und d aReward function: A promising but (still) underexamined dimension in developmental psychopathology. bJournal of Abnormal Psychology c2014 a123:2 aMay xPsychology.